000 00274nam a22001097a 4500
008 230704b xxu||||| |||| 00| 0 eng d
082 _a341.37
_bEAC
100 _cEAC
245 _aProtocol for Sustainable Development of Lake Victoria Basin
300 _a39p
942 _2ddc
_cBK
999 _c3671
_d3671